Statistics for The Nights Lyrics - Avicii

Click here to take the quiz!

General Stats

  • This quiz has been taken 374 times
  • The average score is 189 of 253

Answer Stats

Lyrics% Correct
A
99%
The
97%
You
97%
To
96%
I
95%
Me
95%
My
95%
Father
94%
Told
94%
When
93%
Day
92%
He
91%
One
91%
Remember
91%
Will
91%
Live
90%
Nights
90%
So
89%
Are
88%
Life
87%
Was
85%
Child
84%
These
84%
Just
83%
Never
82%
This
82%
Die
81%
Once
81%
Behind
80%
Said
80%
That
80%
World
80%
Leave
79%
Younger
79%
Upon
78%
All
76%
In
76%
Shadows
76%
You’ll
76%
Out
75%
Don’t
74%
Year
74%
Say
73%
Older
72%
Play
72%
Came
71%
Get
71%
Let
71%
We
71%
Your
71%
Animals
70%
Away
70%
It
70%
Son
69%
Him
68%
Our
68%
Days
67%
Slip
67%
Heard
66%
Heard
66%
For
65%
Of
65%
Face
62%
Inside
61%
Think
59%
Fears
58%
Took
58%
With
57%
Arms
56%
His
56%
You’re
56%
Afraid
55%
Ever
54%
Tears
54%
Through
54%
If
53%
Lessons
53%
Disappeared
52%
Learned
52%
Wild
51%
Memories
50%
Where
49%
Fade
48%
Would
48%
Heart
46%
Knew
44%
Made
43%
Go
41%
Kid
41%
Yours
40%
No
38%
Can’t
35%
They
35%
Stars
34%
Went
34%
Forsake
33%
Fire
32%
Light
32%
Matter
32%
Put
32%
Down
31%
Beyond
30%
Venture
30%
Carve
29%
Far
29%
Name
29%
Shining
29%
Start
28%
Those
28%
Home
27%
I’ll
27%
Shores
27%
Into
26%
Pouring
25%
Thunderclouds
25%
Guide
23%

Score Distribution

Percentile by Number Answered

Percent of People with Each Score

Your Score History

You have not taken this quiz